Sports Quiz

Random Sports or Baseball Quiz
Score 0/30 Timer 07:00
0 Plays Today
Division Center Fielder % Correct
National League WestWillie Mays
95.2%
American League EastMickey Mantle
92.1%
American League WestMike Trout
90.5%
American League WestKen Griffey Jr.
88.9%
American League EastAdam Jones
82.5%
National League EastAndruw Jones
82.5%
American League CentralKirby Puckett
81%
National League CentralAndrew McCutchen
81%
American League CentralTy Cobb
76.2%
National League WestDuke Snider
76.2%
National League WestCharlie Blackmon
74.6%
National League EastAndre Dawson
68.3%
National League CentralHack Wilson
66.7%
American League EastTris Speaker
65.1%
American League CentralTris Speaker
65.1%
Division Center Fielder % Correct
National League EastCarlos Beltrán
61.9%
National League EastRichie Ashburn
61.9%
National League CentralJim Edmonds
61.9%
National League WestSteve Finley
57.1%
National League WestSteve Finley
57.1%
American League EastKevin Kiermaier
55.6%
American League WestCésar Cedeño
55.6%
American League WestJosh Hamilton
52.4%
American League EastDevon White
49.2%
National League EastJuan Pierre
46%
American League CentralAmos Otis
44.4%
National League CentralGorman Thomas
36.5%
American League WestDwayne Murphy
30.2%
National League CentralVada Pinson
27%
American League CentralJohnny Mostil
1.6%
Remove Ads.
Support Sporcle.
Get the best of Sporcle when you Go Orange. This ad-free experience offers more features, more stats, and more fun while also helping to support Sporcle. Thank you for becoming a member.

You're not logged in!

Compare scores with friends on all Sporcle quizzes.
OR
Log In

Sporcle TV

Today on Sporcle TV


Watch our educational content, quiz creation guides, and fun videos on Sporcle TV.

Show Comments

Extras

Top Quizzes Today


Score Distribution

Paid Content

Your Account Isn't Verified!

In order to create a playlist on Sporcle, you need to verify the email address you used during registration. Go to your Sporcle Settings to finish the process.

Report this User

Report this user for behavior that violates our Community Guidelines.

Details: